Books to Authors #5 - Statistics

General Stats
  • This quiz has been taken 263 times
  • The average score is 8 of 14
Answer Stats
Book Author % Correct
The Hobbit J.R.R.Tolkien
97%
David Copperfield Charles Dickens
94%
Death on the Nile Agatha Christie
83%
Misery Stephen King
75%
One Hundred Years of Solitude Gabriel Garcia Marquez
74%
Lolita Vladimir Nabokov
74%
The Godfather Mario Puzo
69%
Rebecca Daphne du Maurier
56%
The Color Purple Alice Walker
51%
In Search Of Lost Time Marcel Proust
45%
Tinker Tailor Sailor Spy John Le Carré
38%
The Talented Mr.Ripley Patricia Highsmith
18%
The Girl On The Train Paula Hawkins
12%
Those Barren Leaves Aldous Huxley
4%
No matching quizzes found
Score Distribution
Percent of People with Each Score
Percentile by Number Answered
Your Score History
You have not taken this quiz